Fr. Conceicao Rodrigues College of Engineering

Transformers (Record no. 23433)

MARC details
000 -LEADER
fixed length control field 00296nam a2200145Ia 4500
082 ## - DEWEY DECIMAL CLASSIFICATION NUMBER
Classification number 621.314
Item number BHE
100 ## - MAIN ENTRY--PERSONAL NAME
Personal name BHEL
245 ## - TITLE STATEMENT
Title Transformers
260 ## - PUBLICATION, DISTRIBUTION, ETC.
Name of publisher, distributor, etc. Tata Mc Graw hill
Place of publication, distribution, etc. New Delhi
Date of publication, distribution, etc. 1987
300 ## - PHYSICAL DESCRIPTION
Extent 460
546 ## - LANGUAGE NOTE
Language note ENGLISH
654 ## - SUBJECT ADDED ENTRY--FACETED TOPICAL TERMS
Focus term transformers
942 ## - ADDED ENTRY ELEMENTS (KOHA)
Koha item type BOOK
Holdings
Withdrawn status Lost status Damaged status Not for loan Collection Home library Current library Date acquired Cost, normal purchase price Total Checkouts Full call number Barcode Date last seen Cost, replacement price Price effective from Koha item type
        CRC Fr. Agnel's C.Rodrigues College of Engineering Fr. Agnel's C.Rodrigues College of Engineering 17/03/2023 180.00   621.314 BHE 1646 17/03/2023 180.00 17/03/2023 BOOK